00321nam a22001217a 450000500170000002000230001703500130004003700130005310000210006624500440008726000430013130000250017420120420155756.0 a8187100044c225.00 aA-935503 aDPLbENG aSrivastava, H.S. aManaging marriage /cby H.S. Srivastava aNew DelhibOcean Books Pvt. Ltd.c1998 axiii, 144p.c18 cms.